| 000 | 00780cab a2200229 4500 | ||
|---|---|---|---|
| 001 | WB3220-38 | ||
| 008 | 090401t1996 xxu||||| |||| 00| 0 eng d | ||
| 035 | _a(Sirsi) u8317 | ||
| 041 | _aeng | ||
| 245 | _aBoost for MOD homes sell-off | ||
| 260 | _c1996 | ||
| 350 | _a0 | ||
| 490 |
_aFinancial Times _v18/19 May 1996, 5 |
||
| 490 |
_aTimes _v23 May 1996, 10 |
||
| 520 | _aAs the Government shortlists bidders for the sale of MOD housing stock, it is hoped that index-linked rents may increase the final sale price. The Army Families Federation opposes the move. | ||
| 650 | _aARMY FAMILIES FEDERATION | ||
| 650 | _aMARRIED QUARTERS | ||
| 650 | _aMOD PROPERTY | ||
| 690 | _aPROPERTY-RESIDENTIAL PROPERTY-RESIDENTIAL PROPERTY MARKET | ||
| 942 | _n0 | ||
| 948 | _c04/03/1997 | ||
| 999 |
_c5103 _d5103 |
||